Normal view
MARC view
Entry Personal Name
001 - CONTROL NUMBER
- control field: 45981
003 - CONTROL NUMBER IDENTIFIER
- control field: OSt
005 - DATE AND TIME OF LATEST TRANSACTION
- control field: 20240612102238.0
008 - FIXED-LENGTH DATA ELEMENTS
- fixed length control field: 240612|| aca||aabn | a|a d
040 ## - CATALOGING SOURCE
- Original cataloging agency: OSt
- Transcribing agency: OSt
100 ## - HEADING--PERSONAL NAME
- Personal name: Sivananda, Sri Swami
670 ## - SOURCE DATA FOUND
- Source citation: Work cat.: (OSt): Sivananda, Sri Swami , Sure ways for success in life and god realisation, 2010
